000 01228nas a2200301 i 4500
001 171155
003 ES-MaACL
005 20230906214544.0
007 t|
008 090430s18991900fr a| o|0 0||re d
080 _a061.41(443.6)"1900"
111 2 _aExposición Universal (
_d1900.
_cParís)
_9160391
245 1 2 _aL'Exposition de Paris (1900) /
_cpubliée avec la collaboration d'écrivains spéciaux et des meilleurs artistes.
246 3 5 _aEncyclopédie du siècle
_b: L'Exposition de Paris de 1900
260 _aParis :
_bMontgredien et Cie.,
_c[1899-1900] (
_fImpr. Lahure)
300 _a3 v. (h. de lám. col. y n.) :
_bil., grab., planos ;
_c39 cm.
362 1 _a1e partie, N.1-6e partie, n.120.
490 1 _aEncyclopédie du siècle
515 _aLos fascículos del v. III numerados del 1 al 40; conservan también la numeración original.
611 2 _aExposición Universal.
_d1900.
_cParís)
_9160391
650 4 _aExposiciones-
_zParís.
_9140005
655 7 _2tgfbne
_9193628
_aCatálogos de exposiciones
700 1 _aPicard, Alfred.
_991769
830 0 _aEncyclopédie du siècle
_9223155
852 4 _aES-MaACL
_jZ-6
_dOlim: Hem-44
942 _2udc
999 _c171155
_d171155